Intergrated pest management protection integree

Saved in:
Bibliographic Details
Main Author: V Delucchi
Format: Book
Language:Undetermined
Published: Switzerland Parasitis 86 1987
Subjects:
Tags: Add Tag
No Tags, Be the first to tag this record!
Institutions: Trung tâm Học liệu Trường Đại học Cần Thơ
LEADER 00509nam a2200181Ia 4500
001 CTU_38560
008 210402s9999 xx 000 0 und d
082 |a 632.9 
082 |b D366 
100 |a V Delucchi 
245 0 |a Intergrated pest management protection integree 
245 0 |c V Delucchi 
260 |a Switzerland 
260 |b Parasitis 86 
260 |c 1987 
650 |a insects and pests - biological control 
904 |i Liên, 990423 
980 |a Trung tâm Học liệu Trường Đại học Cần Thơ